000
00452nam a22001337a 4500
003
SGT
020
_a
9789387978918
082
_a
320
_b
N18U
100
_a
उपाध्याय, वी.
245
_a
नवउदारवाद, पारिस्थितिकी बहुध्रुवीय विश्व एवं वाम राजनीती
260
_b
बोधि प्रकाशन
_c
2018
300
_a
104
942
_2
ddc
_c
BK
999
_c
31884
_d
31884